| 000 | 00479nam a2200133Ia 4500 | ||
|---|---|---|---|
| 008 | 171212s9999 xx 000 0 und d | ||
| 020 | _a9781922144027 | ||
| 245 |
_ceditor Kirkby, Diane _aPast Law, Present Histories |
||
| 260 |
_bANU E Press _c2012 |
||
| 440 | _aAustralia and New Zealand School of Government (ANZSOG) | ||
| 650 | _aLaw | ||
| 650 | _aLaw -- History; Law -- Research; Law -- Social aspects; Law -- Philosophy | ||
| 856 | _uwww.jstor.org/stable/10.2307/j.ctt24h3t8 | ||
| 999 |
_c351248 _d351248 |
||